Frère Jacques - paroles - Statistiques

Statistiques générales
  • Ce quiz a été pris 134 fois
  • Le résultat moyen est 17 sur 20
Statistiques - réponses
Paroles % Correct
Frère
100%
Jacques
100%
Frère
98%
Jacques,
98%
vous ?
96%
dormez
94%
vous ?
94%
dormez
93%
les
90%
les
88%
sonnez
88%
matines
86%
matines
86%
ding,
85%
sonnez
85%
ding,
74%
dong
74%
dong
73%
daing,
27%
daing,
27%
Aucun quiz correspondant
Distribution des résultats
% des personnes avec chaque résultat
Percentile par nombre de réponses
Votre historique - résultats
Vous n’avez pas pris ce quiz